Mladí ľudia z rajeckého regiónu prejavili obetavosť

Podrobná bibliografia
Médium: Článok
Jazyk:Slovak
Témy:
Zdroj: 1. Katolícke noviny 1. Roč. 123, č. 26 (2008), s. 2 1. 0139-8512
LEADER 00680nab#a2200277#ar4500
001 000090608
003 SVKKK
005 20080729111629.0
008 080723c2008 xo |||||||||||||||b|slo
FMT
015 |a SNBRB2008/07 
038 |a SVKKK 
040 |a SVKKK  |b slo  |e AACR2 
041 0 |a slo 
044 |a xo  |c SK 
080 |a 362.1  |2 1997 
245 1 0 |a Mladí ľudia z rajeckého regiónu prejavili obetavosť  |c [autor] -AV- 
610 2 4 |a Domov Gianny B. Mollovej (Rajec, Slovensko) 
773 0 |t Katolícke noviny  |g Roč. 123, č. 26 (2008), s. 2  |x 0139-8512 
957 |a 511 
974 |a Čr 
992 |a RBX 
BAS
852 |a SVKKK  |b BIB 
EXP
998 |a SLO